Представление документа в формате MARC21

ПолеНазваниеЗначение
  Тип записи a
  Библиографический уровень m
001 Контрольный номер RU/URAIT/586015
005 Дата корректировки 20260429163601.6
008 Кодируемые данные 260429s2026 RU y f j 000 0 rus u
020 Индекс ISBN __
a ISBN 978-5-534-05014-1
c Цена, тираж 819.00
040 Источник каталогиз. __
a Служба первич. каталог. ИКО Юрайт
c Служба, преобразующая запись ИКО Юрайт
e Правила каталог. RCR
041 Код языка издания __
a Код языка текста rus
044 Код страны публикации __
a Код страны публикации RU
080 Индекс УДК __
a Индекс УДК 53(075.32)
084 Индекс другой классификации/Индекс ББК __
2 Источник индекса rubbk
a Индекс другой классификации/Индекс ББК 22.3я723
100 Автор __
a Автор Давыдков В. В.
q Полное имя Давыдков Владимир Викторович
245 Заглавие __
a Заглавие Физика: механика, электричество и магнетизм
b Продолж. заглавия учебник для спо
c Ответственность В. В. Давыдков.
250 Сведения об издании __
g испр. и доп
a Основные сведения об издании 2-е изд.
256 Характеристики компьютерного файла __
a Характеристики компьютерного файла Электрон. дан.
260 Выходные данные __
a Место издания Москва
b Издательство Юрайт
c Дата издания 2026
300 Физическое описание __
a Объем 169 с
440 Серия __
a Серия Профессиональное образование
500 Примечания __
a Примечание URL: https://urait.ru/bcode/586015 (дата обращения: 29.04.2026).
520 Аннотация __
a Аннотация В настоящем учебном пособии рассмотрены основные понятия и законы классической и релятивистской механики, примеры решения типовых задач, свойства и явления, связанные с электрическими зарядами, а также даны характеристики и расчеты магнитных полей. Книга дополнена большим количеством иллюстраций, которые помогут студентам освоить материалы учебного пособия.
538 Прим. о системных особенностях __
a Прим. о системных особенностях Режим доступа: Электронно-библиотечная система Юрайт, для авториз. пользователей
653 Ключевые слова __
a Ключевые слова Общая и теоретическая физика
653 Ключевые слова __
a Ключевые слова Естественные науки
653 Ключевые слова __
a Ключевые слова Физика
653 Ключевые слова __
a Ключевые слова Механика
653 Ключевые слова __
a Ключевые слова Общая физика
653 Ключевые слова __
a Ключевые слова Основы естествознания (Физика)
653 Ключевые слова __
a Ключевые слова Основы физики
653 Ключевые слова __
a Ключевые слова Введение в физику
653 Ключевые слова __
a Ключевые слова Начала физики
653 Ключевые слова __
a Ключевые слова Основы механики
653 Ключевые слова __
a Ключевые слова Вводный курс физики
653 Ключевые слова __
a Ключевые слова Введение в общую физику
653 Ключевые слова __
a Ключевые слова Корректирующий курс по физике
653 Ключевые слова __
a Ключевые слова Введение в механику
653 Ключевые слова __
a Ключевые слова Физика. Общие вопросы
653 Ключевые слова __
a Ключевые слова Физика общая
653 Ключевые слова __
a Ключевые слова Фундаментальное естествознание. Физика
653 Ключевые слова __
a Ключевые слова Физика. Общая физика
653 Ключевые слова __
a Ключевые слова Естествознание: Физика
856 Электронный адрес документа 40
n Местонахождение сервера Юрайт
g Электронная книга
q Тип электронного формата html
h Имя пользователя ЮРАЙТ
v Часы доступа к ресурсу 20271231
2 Способ доступа Показать документ
x Служебное примечание https://urait.ru/book/cover/106DCB22-F798-4F68-8CCA-1A74A0183458
u URL https://urait.ru/bcode/586015
856 Электронный адрес документа 48
q Тип электронного формата cover
u URL https://urait.ru/book/cover/106DCB22-F798-4F68-8CCA-1A74A0183458
911 __
u 0030=https://urait.ru/bcode/586015
911 __
u 073a=9785534050141
u 073d=819.00
911 __
u 106a=s
911 __
u 900l=
952 Тип литературы __
i Дисциплина Физика
952 Тип литературы __
i Дисциплина Механика
952 Тип литературы __
i Дисциплина Общая физика
952 Тип литературы __
i Дисциплина Основы естествознания (Физика)
952 Тип литературы __
i Дисциплина Основы физики
952 Тип литературы __
i Дисциплина Введение в физику
952 Тип литературы __
i Дисциплина Начала физики
952 Тип литературы __
i Дисциплина Основы механики
952 Тип литературы __
i Дисциплина Вводный курс физики
952 Тип литературы __
i Дисциплина Введение в общую физику
952 Тип литературы __
i Дисциплина Корректирующий курс по физике
952 Тип литературы __
i Дисциплина Введение в механику
952 Тип литературы __
i Дисциплина Физика. Общие вопросы
952 Тип литературы __
i Дисциплина Физика общая
952 Тип литературы __
i Дисциплина Фундаментальное естествознание. Физика
952 Тип литературы __
i Дисциплина Физика. Общая физика
952 Тип литературы __
i Дисциплина Естествознание: Физика